000 00339nam a2200145Ia 4500
005 20251222143202.0
008 251222s9999||||xx |||||||||||||| ||spa||
020 _a84-8088-722-2
082 _a658.404/D95
100 _aDrudis, Antonio
245 0 _aGestión de Proyectos:
250 _a3a.ed.
264 _bGestión 2000
942 _cLIB
999 _c13107
_d13107